000 00564nam a2200181 a 4500
001 000032537
005 20200930065707.0
008 110719s1996 dr r 000 0 spa d
040 _aDO-SdBNP
_bspa
_cBNPHU
082 _axxxx
_bC679c, 1996
100 1 _aCoiscou Weber, Rodolfo
_919739
245 1 0 _aCurso de relaciones humanas /
_cRodolfo Coiscou Weber.
250 _a4a ed.
260 _aSanto Domingo :
_bImpresora Soto Castillo,
_c1996.
300 _a132 p. ;
_c22 cm.
490 1 _aAntologĂ­a de nuestra voz
_v7
830 0 _aAntologĂ­a de nuestra voz
_n7
_958464
999 _c32028
_d32028